[Event "Veteran"]
[Site "?"]
[Date "2013.03.28"]
[Round "1"]
[White "Øystein Johnsen"]
[Black "Sven Michelsen"]
[Result "1-0"]
[WhiteElo "1951"]
[BlackElo "1799"]
[PlyCount "53"]
[EventDate "31.??.??"]

1. d4 Nf6 2. Nf3 e6 3. e3 b6 4. Nbd2 Bb7 5. Bd3 d5 6. O-O Bd6 7. b3 Nbd7 8. Bb2
O-O 9. Ne5 c5 10. f4 cxd4 11. exd4 Re8 12. Qe2 Rc8 13. a3 Nf8 14. Rf2 Qe7 15.
c4 N6d7 16. b4 f6 17. Nxd7 Qxd7 18. c5 bxc5 19. dxc5 Bb8 20. Nb3 e5 21. fxe5
Bxe5 22. Bf5 Bxh2+ 23. Kh1 Rxe2 24. Bxd7 Rxf2 25. Bxc8 Rxb2 26. Bxb7 Rxb3 27.
Bxd5+ 1-0

[Event "Veteran"]
[Site "?"]
[Date "2013.03.28"]
[Round "1"]
[White "Søren R. Ottesen"]
[Black "Erik Holm Jacobsen"]
[Result "0-1"]
[WhiteElo "1792"]
[BlackElo "2053"]
[PlyCount "132"]
[EventDate "31.??.??"]

1. e4 e5 2. Nf3 Nc6 3. d4 exd4 4. Nxd4 Bc5 5. Be3 Qf6 6. c3 Nge7 7. Bc4 Qg6 8.
O-O Ne5 9. Bb3 d6 10. f3 Bd7 11. Nd2 h5 12. Nc4 h4 13. Qe2 h3 14. Nxe5 dxe5 15.
Nc2 hxg2 16. Rf2 Qb6 17. Bxc5 Qxc5 18. Qe3 Qxe3 19. Nxe3 f6 20. Rxg2 g5 21. Rd1
O-O-O 22. Rgd2 Bh3 23. Rxd8+ Rxd8 24. Rxd8+ Kxd8 25. Bc4 c6 26. Kf2 Ng6 27. Kg3
Nf4 28. Ng4 Bxg4 29. Kxg4 Ke7 30. Bf1 Ng6 31. a4 Nh4 32. Kg3 a5 33. b4 b6 34.
Kg4 Kd6 35. h3 axb4 36. cxb4 c5 37. bxc5+ Kxc5 38. Be2 Kd4 39. Kg3 Ke3 40. Bd1
Kd2 41. Bb3 Ke2 42. Be6 Ke3 43. Bg4 Ng6 44. Bd7 Nf8 45. Bc8 Ng6 46. Bd7 Nf4 47.
Bg4 Nd3 48. Bh5 Ne1 49. Bg4 Kd4 50. h4 gxh4+ 51. Kxh4 Kc5 52. Kg3 Kb4 53. Bd7
Nd3 54. Kg4 Nc5 55. Be8 Nxa4 56. Kf5 Nc5 57. Kxf6 Nd3 58. Kg5 Kc5 59. Ba4 b5
60. Bc2 Kd4 61. Bb3 b4 62. Kg4 Kc3 63. Ba2 Kc2 64. Bc4 b3 65. Kf5 b2 66. Ba2
Nb4 0-1

[Event "Veteran"]
[Site "?"]
[Date "2013.03.28"]
[Round "1"]
[White "Erik Jarlnæs"]
[Black "Ernst J. Jessen"]
[Result "1-0"]
[WhiteElo "1918"]
[BlackElo "1773"]
[PlyCount "83"]
[EventDate "31.??.??"]

1. e4 e6 2. d4 d5 3. Nc3 dxe4 4. Nxe4 Nf6 5. Nxf6+ Qxf6 6. Bd3 Qd8 7. Nf3 Be7
8. O-O O-O 9. Bf4 Nd7 10. c3 Nf6 11. Qc2 Re8 12. Rad1 Bd7 13. Rfe1 g6 14. Ne5
Nh5 15. Bh6 Ng7 16. Re3 Bf6 17. Bxg7 Bxg7 18. Rg3 Bxe5 19. dxe5 Re7 20. h4 Qf8
21. h5 Bc6 22. Be4 Bxe4 23. Qxe4 c6 24. Rd6 Rd8 25. Rgd3 Rxd6 26. exd6 Rd7 27.
Qf4 Kg7 28. Qe5+ Kg8 29. c4 Qg7 30. Qxg7+ Kxg7 31. hxg6 hxg6 32. c5 Kf6 33. Kf1
Ke5 34. Ke2 Ke4 35. f3+ Kf4 36. Rd4+ Ke5 37. Ke3 b6 38. b4 b5 39. Rh4 Kf6 40.
Rh8 e5 41. Rc8 Ke6 42. Rxc6 1-0

[Event "Veteran"]
[Site "?"]
[Date "2013.03.28"]
[Round "1"]
[White "Finn Stuhr"]
[Black "Niels Møller Rendlev"]
[Result "1/2-1/2"]
[WhiteElo "1701"]
[BlackElo "1852"]
[PlyCount "158"]
[EventDate "31.??.??"]

1. e4 e6 2. d4 d5 3. e5 c5 4. c3 Nc6 5. f4 cxd4 6. cxd4 Qh4+ 7. g3 Qd8 8. Nf3
Bb4+ 9. Nc3 Bd7 10. a3 Be7 11. Bd3 g6 12. Be3 Nh6 13. h3 a6 14. Qd2 Qa5 15. O-O
Nf5 16. Bf2 h5 17. b4 Qd8 18. Na4 Ncxd4 19. Nxd4 Bxa4 20. Nxf5 gxf5 21. Bd4 Qd7
22. Qe2 Rc8 23. Rac1 Rc6 24. Rc3 Rxc3 25. Bxc3 d4 26. Bd2 Qd5 27. Rc1 Bc6 28.
Kh2 Kd7 29. Rg1 Bd8 30. Rd1 Bb6 31. Bc4 Qf3 32. Be3 Qe4 33. Bxd4 Qxe2+ 34. Bxe2
Bxd4 35. Rxd4+ Ke7 36. Rd6 h4 37. g4 fxg4 38. Bxg4 f5 39. Be2 Rg8 40. Bf1 Rg3
41. Rd3 Rg7 42. Rc3 Kd7 43. Rd3+ Bd5 44. a4 Kc7 45. Rc3+ Kb8 46. a5 Ka7 47. Rc2
b6 48. Rc8 bxa5 49. bxa5 Rh7 50. Rg8 Kb7 51. Kg1 Rc7 52. Rh8 Rc1 53. Kf2 Rc2+
54. Ke3 Ra2 55. Rh7+ Kc6 56. Bxa6 Ra3+ 57. Kd4 Ra4+ 58. Ke3 Ra3+ 59. Ke2 Ra2+
60. Kd3 Ra3+ 61. Kc2 Rxa5 62. Bb7+ Kc5 63. Bxd5 Kxd5 64. Rxh4 Ke4 65. Rh6 Ra6
66. Rh4 Kf3 67. Kd3 Kg3 68. Rh8 Kxf4 69. h4 Kxe5 70. h5 Ra7 71. h6 Kf6 72. h7
Kg7 73. Re8 Kxh7 74. Rxe6 Ra5 75. Ke3 Kg7 76. Kf4 Kf7 77. Rb6 Kg7 78. Kg5 Kf7
79. Rf6+ Kg7 1/2-1/2

[Event "Veteran"]
[Site "?"]
[Date "2013.03.28"]
[Round "1"]
[White "Finn Larsen"]
[Black "Jens Riis"]
[Result "1/2-1/2"]
[WhiteElo "1850"]
[BlackElo "1602"]
[PlyCount "30"]
[EventDate "31.??.??"]

1. e4 c5 2. Nf3 Nc6 3. Bb5 a6 4. Bxc6 bxc6 5. O-O d6 6. d4 cxd4 7. Nxd4 Qc7 8.
c4 e6 9. Nc3 Ne7 10. Be3 Ng6 11. Rc1 c5 12. Nf3 Be7 13. Qc2 Bb7 14. Rfe1 O-O
15. Bg5 Bxg5 1/2-1/2

[Event "Veteran"]
[Site "?"]
[Date "2013.03.28"]
[Round "1"]
[White "Erik Asmund"]
[Black "Erling Christiansen"]
[Result "0-1"]
[WhiteElo "1737"]
[BlackElo "1919"]
[PlyCount "104"]
[EventDate "31.??.??"]

1. e4 e5 2. Nf3 Nc6 3. Bc4 Bc5 4. c3 Bb6 5. d3 d6 6. O-O Qe7 7. Be3 Be6 8. Bxb6
axb6 9. Nbd2 Nh6 10. h3 Bxc4 11. Nxc4 f5 12. exf5 Nxf5 13. Ne3 O-O 14. Nxf5
Rxf5 15. Qd2 Qf6 16. a3 Ne7 17. Rae1 Ng6 18. Re3 Rf8 19. Nh2 Qg5 20. Qe2 Nf4
21. Qg4 Qf6 22. Qf3 c6 23. Qd1 Kh8 24. Rg3 Ng6 25. Rf3 Rf4 26. Rxf4 Nxf4 27.
Qf3 Qf5 28. Qe4 Nxd3 29. Qxf5 Rxf5 30. b4 d5 31. Nf3 b5 32. Nd2 Kg8 33. g3 e4
34. Nb3 Kf8 35. Nd4 Rf6 36. Kg2 Ne5 37. f4 Nc4 38. Ra1 Ke7 39. h4 h5 40. Kf2 g6
41. Nc2 Rf8 42. Ne3 Nxe3 43. Kxe3 Ke6 44. Ra2 Kf5 45. Kf2 Kg4 46. Kg2 Re8 47.
Re2 e3 48. Re1 e2 49. Kf2 Re4 50. Rxe2 Rxe2+ 51. Kxe2 Kxg3 52. Ke3 Kg4 0-1

[Event "Veteran"]
[Site "?"]
[Date "2013.03.28"]
[Round "1"]
[White "Bjørn Laursen"]
[Black "Dennis Madsen"]
[Result "1-0"]
[WhiteElo "1849"]
[BlackElo "1592"]
[PlyCount "47"]
[EventDate "31.??.??"]

1. d4 g6 2. e4 Bg7 3. Nc3 d6 4. f4 Nh6 5. Nf3 f5 6. e5 Nf7 7. Bc4 e6 8. d5 dxe5
9. dxe6 Nd6 10. Bb3 exf4 11. Bxf4 Bxc3+ 12. bxc3 Nc6 13. Ng5 Qf6 14. O-O Qxc3
15. Nf7 Nd4 16. Be5 Qe3+ 17. Kh1 Nxb3 18. axb3 Nxf7 19. exf7+ Kxf7 20. Bxh8 Be6
21. Bb2 Qg5 22. Qd4 Rg8 23. Rxa7 Bc8 24. Qc4+ 1-0

[Event "DM2013"]
[Site "DM2013"]
[Date "31.12.29"]
[Round "2"]
[White "Erling Christiansen"]
[Black "�ystein Johnsen"]
[Result "1/2-1/2"]
[WhiteElo "1919"]
[BlackElo "1951"]
[PlyCount "117"]
[EventDate "31.??.??"]

1. e4 c5 2. Nc3 Nc6 3. g3 g6 4. Bg2 Bg7 5. Nge2 Nf6 6. d3 d6 7. O-O a6 8. a4 e6
9. Bg5 O-O 10. Qd2 Qc7 11. Nd1 b6 12. Rb1 Rb8 13. b3 Re8 14. Bh6 Bh8 15. Ne3 b5
16. axb5 axb5 17. f4 b4 18. g4 Nd4 19. Ng3 Bb7 20. f5 exf5 21. gxf5 Bg7 22.
Bxg7 Kxg7 23. fxg6 fxg6 24. Rf4 Rf8 25. Rbf1 Qe7 26. h4 Kh8 27. h5 Ne6 28. R4f2
Nd7 29. hxg6 Rxf2 30. g7+ Qxg7 31. Qxf2 Rf8 32. Ngf5 Qg5 33. Qg3 Qxg3 34. Nxg3
Rxf1+ 35. Kxf1 Nd4 36. Ngf5 Nb5 37. Nc4 Na3 38. Nfxd6 Ba6 39. Bh3 Nf6 40. e5
Nd5 41. Kf2 Nxc2 42. e6 Nd4 43. Bg2 Ne7 44. Bh3 Kg8 45. Ke3 Nxb3 46. Nb2 Nd4
47. Ne4 Nd5+ 48. Kd2 Nf3+ 49. Kc1 Nd4 50. Nxc5 Bc8 51. Nc4 Ne7 52. Nd6 Kg7 53.
Nd7 Kh6 54. Kb2 Kh5 55. Nxc8 Nxc8 56. Nf6+ Kh4 57. Bg2 h6 58. Bd5 Ne7 59. Bc4
1/2-1/2

[Event "DM2013"]
[Site "DM2013"]
[Date "31.12.29"]
[Round "2"]
[White "Erik Holm Jacobsen"]
[Black "Erik Jarln�s"]
[Result "0-1"]
[WhiteElo "2053"]
[BlackElo "1918"]
[PlyCount "124"]
[EventDate "31.??.??"]

1. e4 e6 2. d4 d5 3. Nc3 Bb4 4. Bd2 dxe4 5. Qg4 Nf6 6. Qxg7 Rg8 7. Qh6 Qxd4 8.
h3 Rg6 9. Qh4 Nc6 10. Nge2 Qe5 11. O-O-O Qh5 12. Qxh5 Nxh5 13. Nxe4 Bxd2+ 14.
Rxd2 Nf6 15. Nxf6+ Rxf6 16. Nc3 Bd7 17. Bd3 h6 18. Ne4 Rf5 19. g4 Rf4 20. Ng3
O-O-O 21. Nh5 Rd4 22. c3 Rd6 23. Rhd1 Ne5 24. Be2 Bc6 25. Rxd6 Rxd6 26. f4
Rxd1+ 27. Kxd1 Ng6 28. Ke1 Kd8 29. Kf2 Ke7 30. Kg3 f6 31. Bd3 Kf7 32. Bc4 Ke7
33. Ng7 Bd5 34. Bxd5 exd5 35. Nf5+ Ke6 36. Nxh6 Ne7 37. f5+ Ke5 38. h4 c5 39.
Nf7+ Ke4 40. Nd6+ Ke3 41. g5 fxg5 42. hxg5 d4 43. f6 Ng6 44. cxd4 cxd4 45. Kg4
d3 46. f7 Ne5+ 47. Kf5 Nxf7 48. Nxf7 d2 49. g6 d1=Q 50. g7 Qc2+ 51. Kf6 Qxb2+
52. Kg6 Qc2+ 53. Kh6 Qc8 54. Kh7 Qf5+ 55. Kg8 b5 56. Kf8 Qc8+ 57. Ke7 Qg8 58.
Kf6 b4 59. Nh6 Qxa2 60. Nf7 Qg2 61. Ng5 Qa8 62. Ne6 Qg8 0-1

[Event "DM2013"]
[Site "DM2013"]
[Date "31.12.29"]
[Round "2"]
[White "Niels M�ller Rendlev"]
[Black "Bj�rn Laursen"]
[Result "1-0"]
[WhiteElo "1852"]
[BlackElo "1849"]
[PlyCount "173"]
[EventDate "31.??.??"]

1. g3 e5 2. d3 d5 3. Bg2 c6 4. Nf3 Nd7 5. c4 Ngf6 6. O-O Be7 7. b3 d4 8. Qc2
O-O 9. Bb2 c5 10. Nbd2 Bd6 11. a3 Rb8 12. b4 b6 13. b5 Bb7 14. a4 Nh5 15. Ne4
Qe7 16. Nxd6 Qxd6 17. e4 g6 18. Bc1 f6 19. Nh4 Qe6 20. Qe2 Rf7 21. f4 Ng7 22.
f5 gxf5 23. exf5 Qe7 24. Bxb7 Rxb7 25. Qe4 Rc7 26. Bh6 Qd8 27. Ra2 Nf8 28. Re2
a6 29. Ra2 axb5 30. axb5 Ra7 31. Rfa1 Rxa2 32. Rxa2 Qc7 33. Ra6 Ne8 34. Ra8 Ng7
35. Qe2 Qb7 36. Qa2 Qd7 37. g4 e4 38. dxe4 d3 39. Nf3 Qb7 40. Nd2 Re7 41. Qa1
Rxe4 42. Nxe4 Qxe4 43. Rxf8+ Kxf8 44. Qxf6+ Ke8 45. Qxg7 Qe1+ 46. Kg2 Qe4+ 47.
Kg3 Qe1+ 48. Kf4 d2 49. Qg8+ Kd7 50. Qd5+ Ke8 51. Qa8+ Kd7 52. Qb7+ Ke8 53.
Qc8+ Ke7 54. Bg5+ Kf7 55. Qd7+ Kg8 56. Qd8+ Kf7 57. Qd7+ Kg8 58. Qd8+ Kf7 59.
Qd5+ Ke8 60. Qg8+ Kd7 61. Qxh7+ Kc8 62. Qg8+ Kb7 63. Qd5+ Kb8 64. Qd6+ Kb7 65.
Qc6+ Ka7 66. Qc7+ Ka8 67. Qc8+ Ka7 68. Qa6+ Kb8 69. Qxb6+ Ka8 70. Qc6+ Kb8 71.
Qb6+ Ka8 72. Qd8+ Kb7 73. Qd7+ Ka8 74. Qc8+ Ka7 75. Qc7+ Ka8 76. Qa5+ Kb8 77.
Qb6+ Ka8 78. Qa5+ Kb8 79. Qb6+ Ka8 80. Qd8+ Kb7 81. Qd7+ Ka8 82. Qc8+ Ka7 83.
b6+ Kxb6 84. Bd8+ Ka7 85. Qc7+ Ka8 86. Qc6+ Kb8 87. Bc7+ 1-0

[Event "DM2013"]
[Site "DM2013"]
[Date "31.12.29"]
[Round "2"]
[White "Sven Michelsen"]
[Black "Finn Larsen"]
[Result "1/2-1/2"]
[WhiteElo "1799"]
[BlackElo "1850"]
[PlyCount "139"]
[EventDate "31.??.??"]

1. c4 e5 2. Nc3 Nc6 3. Nf3 Nf6 4. g3 d5 5. cxd5 Nxd5 6. d3 Bb4 7. Bd2 O-O 8.
Bg2 h6 9. O-O Nf6 10. a3 Bc5 11. Rc1 Qe7 12. Qc2 Bb6 13. e3 Rd8 14. Ne4 Bf5 15.
Nh4 Bh7 16. Bc3 Nd5 17. Qe2 Nxc3 18. Rxc3 f5 19. Nd2 Qf6 20. Bxc6 bxc6 21. Rfc1
c5 22. b4 cxb4 23. axb4 Kh8 24. Nc4 Bg8 25. Qf3 Bxc4 26. Rxc4 Rab8 27. Rc6 Rd6
28. Rxd6 Qxd6 29. Qxf5 Re8 30. Rc4 c6 31. Qe4 Re6 32. Nf5 Qf8 33. Nh4 Qf6 34.
Kg2 a5 35. bxa5 Bxa5 36. Ra4 Bd8 37. Ra8 Kg8 38. Qc4 Kf7 39. Ra7+ Kf8 40. e4 g6
41. Nf3 Be7 42. Ra8+ Bd8 43. h4 Kf7 44. Ra6 Kf8 45. Qc5+ Be7 46. Ra8+ Kf7 47.
Qc4 Kg7 48. Rc8 c5 49. Qd5 Bd6 50. Qa8 Bf8 51. Rd8 Re7 52. Rd5 Rf7 53. Qa1
Qxf3+ 54. Kh3 Kh7 55. Qg1 Bg7 56. Rxc5 Qxd3 57. Qe1 Qf3 58. Rc2 h5 59. Kh2 Rd7
60. Rc1 Bh6 61. Rb1 Bd2 62. Qf1 Qxe4 63. Kg1 Rf7 64. Rb2 Be3 65. Re2 Rxf2 66.
Rxf2 Kg7 67. Qe2 Bxf2+ 68. Kxf2 Qf5+ 69. Ke3 Kf6 70. Qa6+ 1/2-1/2

[Event "DM2013"]
[Site "DM2013"]
[Date "2013.03.29"]
[Round "2"]
[White "Dennis Madsen"]
[Black "S�ren R. Ottesen"]
[Result "1/2-1/2"]
[WhiteElo "1592"]
[BlackElo "1792"]
[PlyCount "65"]
[EventDate "31.??.??"]

1. d4 Nf6 2. Nc3 e6 3. e4 Bb4 4. Bd3 h6 5. Nge2 O-O 6. O-O c5 7. Be3 cxd4 8.
Nxd4 Bxc3 9. bxc3 a6 10. e5 Nd5 11. Bd2 Nc6 12. Nxc6 dxc6 13. Qg4 f5 14. Qg3
Kh7 15. Rad1 Bd7 16. Qh3 g5 17. g3 Kg7 18. c4 Ne7 19. Bb4 Rf7 20. g4 Ng6 21.
gxf5 exf5 22. e6 Bxe6 23. Bc3+ Kh7 24. Qh5 Qg8 25. Bd2 Nf4 26. Bxf4 gxf4+ 27.
Kh1 Qg5 28. Qe2 Qf6 29. Rg1 b5 30. Rde1 Bd7 31. Qd2 f3 32. Qf4 c5 33. Rg3
1/2-1/2

[Event "?"]
[Site "DM2013"]
[Date "31.12.29"]
[Round "2"]
[White "J. Jessen, Ernst"]
[Black "Asmund, Erik"]
[Result "1/2-1/2"]
[WhiteElo "1773"]
[BlackElo "1737"]
[PlyCount "22"]
[EventDate "31.??.??"]

1. e4 e5 2. Nf3 Nc6 3. Bb5 d6 4. O-O Bd7 5. a3 Nf6 6. d3 Be7 7. Bg5 h6 8. Be3
a6 9. Bc4 O-O 10. Re1 Bg4 11. Nbd2 d5 1/2-1/2

[Event "DM2013"]
[Site "DM2013"]
[Date "31.12.29"]
[Round "2"]
[White "Jens Riis"]
[Black "Finn Stuhr"]
[Result "0-1"]
[WhiteElo "1602"]
[BlackElo "1701"]
[PlyCount "84"]
[EventDate "31.??.??"]

1. d4 Nf6 2. c4 b6 3. Nc3 Bb7 4. e3 g6 5. Nf3 Bg7 6. Be2 O-O 7. O-O d6 8. Qc2
e6 9. e4 Nbd7 10. h3 c6 11. Be3 e5 12. d5 Re8 13. b4 a5 14. a3 axb4 15. axb4
Qc7 16. Qb3 Rec8 17. Nd2 Bf8 18. Qb2 c5 19. Nb5 Qd8 20. Na7 Rc7 21. Nb5 Rcc8
22. bxc5 bxc5 23. Bg5 Rcb8 24. Rxa8 Bxa8 25. Qa2 Qb6 26. Ra1 Qd8 27. Qa7 Be7
28. Qa6 Bb7 29. Qa5 Nb6 30. Qc3 Nfxd5 31. exd5 Bxg5 32. Ne4 Be7 33. Ra7 Nc8 34.
Ra5 f5 35. Nd2 Bf6 36. Qa3 Qd7 37. Bd1 Bd8 38. Ra4 Bxd5 39. Nxd6 Bc6 40. Qxc5
Bb6 41. Qa3 Bxa4 42. Bxa4 Qxd6 0-1

[Event "DM2013"]
[Site "DM2013"]
[Date "2013.03.30"]
[Round "3"]
[White "�ystein Johnsen"]
[Black "Niels M�ller Rendlev"]
[Result "1-0"]
[WhiteElo "1951"]
[BlackElo "1852"]
[PlyCount "125"]
[EventDate "31.??.??"]

1. d4 Nf6 2. Nf3 d6 3. Nc3 g6 4. e4 Bg7 5. h3 O-O 6. Be3 Nc6 7. Qd2 e5 8. d5
Ne7 9. Rd1 a6 10. a4 Ne8 11. g4 f6 12. Bc4 Kh8 13. Nh2 Ng8 14. f3 Qe7 15. Qg2
Bh6 16. Bxh6 Nxh6 17. h4 Nf7 18. Ke2 Ng7 19. Rdg1 Bd7 20. Kd2 Rg8 21. Nf1 Ne8
22. Ng3 c6 23. dxc6 Bxc6 24. Qe2 Nc7 25. Kc1 Rab8 26. Rd1 Rgd8 27. Qe3 b5 28.
axb5 axb5 29. Bb3 Ra8 30. Nd5 Ra1+ 31. Kd2 Rxd1+ 32. Rxd1 Bxd5 33. Bxd5 Nxd5
34. exd5 Ra8 35. h5 g5 36. Nf5 Qc7 37. Rc1 Ra4 38. b3 Ra2 39. Ng3 b4 40. Ne4
Kg7 41. Qd3 Qc8 42. h6+ Nxh6 43. Nxd6 Qd7 44. Ne4 Ra5 45. c4 bxc3+ 46. Nxc3 f5
47. gxf5 Nxf5 48. b4 Ra3 49. Rh1 h6 50. Re1 Nh4 51. Rxe5 Qd6 52. Re4 Qf6 53. d6
Nxf3+ 54. Kc2 Ne5 55. Qd4 Nc6 56. Qxf6+ Kxf6 57. b5 Nd8 58. Nd5+ Kf5 59. Re1
Ra8 60. d7 Kg6 61. Ne7+ Kf7 62. Nc6 Ra2+ 63. Kb3 1-0

[Event "DM2013"]
[Site "DM2013"]
[Date "2013.03.30"]
[Round "3"]
[White "Finn Stuhr"]
[Black "Erik Holm Jacobsen"]
[Result "0-1"]
[WhiteElo "1701"]
[BlackElo "2053"]
[PlyCount "60"]
[EventDate "31.??.??"]

1. e4 e5 2. Nf3 Nc6 3. Bb5 a6 4. Ba4 d6 5. O-O Bg4 6. Nc3 b5 7. Bb3 Nd4 8. Nxe5
dxe5 9. Qxg4 Nf6 10. Qg3 Qd6 11. Re1 Be7 12. Qxg7 O-O-O 13. Bxf7 Nxc2 14. Re2
Nxa1 15. d3 b4 16. Nd5 c6 17. Nxe7+ Qxe7 18. Bg5 Rhf8 19. Bxf6 Qxf7 20. Qxf7
Rxf7 21. Bxd8 Kxd8 22. b3 Rd7 23. Rd2 a5 24. Kf1 a4 25. bxa4 b3 26. axb3 Nxb3
27. Rd1 Ra7 28. Re1 Rxa4 29. Ke2 Nd4+ 30. Ke3 Nc2+ 0-1

[Event "DM2013"]
[Site "DM2013"]
[Date "2013.03.30"]
[Round "3"]
[White "Erik Jarln�s"]
[Black "Erling Christiansen"]
[Result "1-0"]
[WhiteElo "1918"]
[BlackElo "1919"]
[PlyCount "61"]
[EventDate "31.??.??"]

1. e4 e5 2. Nf3 Nc6 3. Bb5 Nd4 4. Nc3 Nxb5 5. Nxb5 c6 6. Nc3 d6 7. d4 Qc7 8. h3
Be7 9. O-O Nf6 10. Bg5 Bd7 11. Bh4 Ng8 12. Qd2 f6 13. Rfd1 O-O-O 14. Qe3 Kb8
15. Bg3 g5 16. Rd3 h5 17. Rad1 h4 18. dxe5 hxg3 19. exd6 gxf2+ 20. Kxf2 Bxd6
21. Rxd6 Rh7 22. Qd4 b6 23. e5 fxe5 24. Nxe5 Rf8+ 25. Kg1 Be8 26. Nd7+ Bxd7 27.
Rxd7 Rxd7 28. Qxd7 Rc8 29. Ne4 g4 30. Qxg4 Qe5 31. Qg3 1-0

[Event "DM2013"]
[Site "DM2013"]
[Date "31.12.29"]
[Round "3"]
[White "Finn Larsen"]
[Black "Bj�rn Laursen"]
[Result "1/2-1/2"]
[WhiteElo "1850"]
[BlackElo "1849"]
[PlyCount "30"]
[EventDate "31.??.??"]

1. d4 d5 2. Nf3 Nf6 3. e3 Bf5 4. c4 c6 5. Nc3 e6 6. Be2 Nbd7 7. O-O Be7 8. Bd2
Ne4 9. cxd5 Nxd2 10. Qxd2 exd5 11. Bd3 Bxd3 12. Qxd3 O-O 13. Rfd1 h6 14. e4
dxe4 15. Nxe4 Nf6 1/2-1/2

[Event "DM2013"]
[Site "DM2013"]
[Date "2013.03.30"]
[Round "3"]
[White "Erik Asmund"]
[Black "Sven Michelsen"]
[Result "0-1"]
[WhiteElo "1737"]
[BlackElo "1799"]
[PlyCount "116"]
[EventDate "31.??.??"]

1. e4 c5 2. f4 d6 3. Nf3 Nc6 4. b3 Nf6 5. Nc3 e6 6. Bb5 Be7 7. d3 O-O 8. Bxc6
bxc6 9. Ne2 h6 10. h3 d5 11. e5 Nd7 12. Be3 f6 13. O-O d4 14. Bf2 Qc7 15. Bg3
Nb6 16. c4 dxc3 17. Nxc3 Ba6 18. Qc2 Rad8 19. Rfd1 Nd5 20. Nxd5 Rxd5 21. Bf2
Rfd8 22. d4 R8d7 23. dxc5 Bd3 24. Qc3 Qd8 25. Rd2 Bf5 26. Rad1 fxe5 27. Rxd5
Rxd5 28. Rxd5 Qxd5 29. fxe5 Bb1 30. a3 Ba2 31. b4 Qd1+ 32. Kh2 Bd5 33. Qe3 Bd8
34. Nd4 Bg5 35. Qg3 Qf1 36. Nf3 Bc1 37. Be1 Be3 38. Bd2 Bf2 39. Qg4 Kh8 40. Qg6
Bxf3 41. gxf3 Bd4 42. f4 Qe2+ 43. Qg2 Qd3 44. Bc1 Kh7 45. Qd2 Qe4 46. Qg2 Qe1
47. Bd2 Qa1 48. h4 g6 49. h5 g5 50. fxg5 Bxe5+ 51. Kh3 Qxa3+ 52. Kh4 Qd3 53.
g6+ Kg7 54. Bxh6+ Kg8 55. Qg4 Qd5 56. Bg5 Qh1+ 57. Qh3 Qe1+ 58. Kg4 Qe4+ 0-1

[Event "DM2013"]
[Site "DM2013"]
[Date "2013.03.30"]
[Round "3"]
[White "S�ren R. Ottesen"]
[Black "Jens Riis"]
[Result "1-0"]
[WhiteElo "1792"]
[BlackElo "1602"]
[PlyCount "62"]
[EventDate "31.??.??"]

1. e4 c5 2. Nf3 Nc6 3. d4 cxd4 4. Nxd4 d6 5. Nc3 a6 6. Be3 Bd7 7. Qd2 e6 8. Be2
Nf6 9. f3 Be7 10. O-O-O O-O 11. Kb1 Rc8 12. g4 Ne5 13. h4 Nc4 14. Bxc4 Rxc4 15.
h5 Be8 16. h6 g6 17. Nde2 Qc7 18. Bg5 Bc6 19. b3 Rc5 20. Be3 Rd8 21. Bxc5 dxc5
22. Qf4 e5 23. Rxd8+ Bxd8 24. Qd2 Be7 25. Rd1 Be8 26. g5 Nd7 27. Nd5 Qd8 28.
Nxe7+ Qxe7 29. Nc3 Nb6 30. Qd8 Qxd8 31. Rxd8 Kf8 1-0

[Event "DM2013"]
[Site "DM2013"]
[Date "2013.03.30"]
[Round "3"]
[White "Dennis Madsen"]
[Black "Ernst J. Jessen"]
[Result "1-0"]
[WhiteElo "1592"]
[BlackElo "1773"]
[PlyCount "59"]
[EventDate "31.??.??"]

1. d4 c6 2. Nc3 d5 3. e4 dxe4 4. f3 exf3 5. Nxf3 Nf6 6. Bc4 e6 7. O-O Be7 8.
Qd3 Nbd7 9. Ng5 Nb6 10. Bb3 Nbd5 11. Nce4 Nxe4 12. Nxf7 Qc7 13. Nxh8 Ndf6 14.
Bf4 Bd6 15. Bxd6 Qxd6 16. Nf7 Kxf7 17. Qxe4 Kg8 18. Qe5 Qxe5 19. dxe5 Nd5 20.
c4 Ne3 21. Rf3 Nf5 22. Rd1 g5 23. Rd8+ Kg7 24. g4 Ne7 25. c5 Nd5 26. Bxd5 exd5
27. Rff8 Bxg4 28. Rxa8 Be6 29. Rf6 Bg4 30. Rxa7 1-0

[Event "DM2013"]
[Site "DM2013"]
[Date "2013.03.30"]
[Round "4"]
[White "�ystein Johnsen"]
[Black "Erik Jarln�s"]
[Result "0-1"]
[WhiteElo "1951"]
[BlackElo "1918"]
[PlyCount "158"]
[EventDate "31.??.??"]

1. d4 Nf6 2. Nf3 g6 3. g3 d5 4. Bg2 Bg7 5. O-O O-O 6. Nbd2 Bf5 7. c4 dxc4 8.
Nxc4 Be4 9. Ncd2 Bc6 10. Qb3 Ne4 11. Nxe4 Bxe4 12. Rd1 Qd5 13. Qxd5 Bxd5 14.
Ne5 Bxg2 15. Kxg2 Bxe5 16. dxe5 Nc6 17. Bf4 e6 18. Rd7 Rac8 19. Rc1 Rfd8 20.
Rcd1 Kf8 21. Rxd8+ Rxd8 22. Rxd8+ Nxd8 23. g4 Nc6 24. Kf3 Ke7 25. Bg5+ Kd7 26.
Ke4 Nb4 27. a3 Nd5 28. Kd4 Nb6 29. Bd2 Nd5 30. e4 Ne7 31. Bc3 b6 32. b4 g5 33.
Kc4 Ng6 34. Kb5 Nh4 35. Bd2 Nf3 36. Be3 c6+ 37. Ka6 b5 38. h3 h6 39. Bxa7 Nxe5
40. Be3 Nf3 41. Ka5 Ng1 42. a4 bxa4 43. Kxa4 Nxh3 44. Bc5 Nf4 45. b5 Nd3 46.
Be3 cxb5+ 47. Kxb5 Ne5 48. f4 gxf4 49. Bxf4 Nxg4 50. Kc4 h5 51. Bg3 Ke7 52. Kd3
e5 53. Ke2 Ke6 54. Bh4 f5 55. exf5+ Kxf5 56. Bd8 e4 57. Be7 Nf6 58. Kf2 Nd5 59.
Bc5 Kg4 60. Kg2 Nf4+ 61. Kh2 Nd3 62. Bb6 Kf3 63. Kh3 e3 64. Kh4 e2 65. Ba5 Nf4
66. Kg5 Ke4 67. Bb4 Kf3 68. Ba5 Ke3 69. Bb6+ Kd3 70. Ba5 Ke4 71. Bb4 Kf3 72.
Ba5 Kg3 73. Be1+ Kf3 74. Bb4 Nd3 75. Ba5 h4 76. Kxh4 Ne5 77. Kh5 Ke3 78. Bb4
Nf3 79. Ba5 Nd2 0-1

[Event "DM2013"]
[Site "DM2013"]
[Date "2013.03.30"]
[Round "4"]
[White "Erik Holm Jacobsen"]
[Black "Finn Larsen"]
[Result "1-0"]
[WhiteElo "2053"]
[BlackElo "1850"]
[PlyCount "95"]
[EventDate "31.??.??"]

1. e4 e5 2. Bc4 Nf6 3. d4 exd4 4. Nf3 d5 5. exd5 Qe7+ 6. Be2 Nxd5 7. Nxd4 Qd8
8. O-O Be7 9. Re1 O-O 10. Bc4 Bf6 11. Bxd5 Qxd5 12. Be3 c6 13. Nc3 Qd8 14. Nde2
Na6 15. a3 Bg4 16. f3 Be6 17. Bd4 Bxd4+ 18. Qxd4 Qxd4+ 19. Nxd4 Nc7 20. Rad1
Rad8 21. Ne4 Bc8 22. c4 Rfe8 23. Kf2 Kf8 24. c5 Re5 25. b4 Red5 26. Nd6 Ne8 27.
Nxe8 Rxe8 28. Rxe8+ Kxe8 29. Re1+ Kf8 30. Re4 g6 31. Ke3 Bd7 32. f4 f6 33. Nf3
Kf7 34. Rd4 Be6 35. g3 Ke7 36. Nd2 b6 37. Ne4 f5 38. Rxd5 Bxd5 39. Nd6 Kd7 40.
Kd4 bxc5+ 41. bxc5 Ke6 42. Ne8 Bg2 43. Nc7+ Kf6 44. Ne8+ Ke6 45. Nd6 Bf3 46.
Nc8 a5 47. Nd6 h6 48. Nc4 1-0

[Event "DM2013"]
[Site "DM2013"]
[Date "2013.03.30"]
[Round "4"]
[White "Niels M�ller Rendlev"]
[Black "S�ren R. Ottesen"]
[Result "0-1"]
[WhiteElo "1852"]
[BlackElo "1792"]
[PlyCount "118"]
[EventDate "31.??.??"]

1. g3 d5 2. f4 Nf6 3. Nf3 e6 4. Bg2 Be7 5. d3 O-O 6. O-O Nbd7 7. Nc3 c6 8. e4
dxe4 9. dxe4 Qb6+ 10. Kh1 Rd8 11. Qe2 Nf8 12. h3 Bd7 13. g4 Qc7 14. Be3 Bb4 15.
Nd2 Ng6 16. Qf2 Be8 17. Rad1 Qe7 18. Nc4 Rxd1 19. Rxd1 Rd8 20. Rxd8 Qxd8 21.
Bxa7 Bxc3 22. bxc3 Qd1+ 23. Kh2 h5 24. g5 Nd7 25. Bd4 c5 26. Bf3 Qb1 27. Be3
Nb6 28. Nxb6 Qxb6 29. Bxc5 Qc7 30. Be3 Nxf4 31. Qg3 e5 32. Bxf4 exf4 33. Qe1
Qe5 34. h4 Bd7 35. Qe2 g6 36. Qc4 b5 37. Qe2 Qe6 38. Qg2 Qxa2 39. Kg1 Qa1+ 40.
Qf1 Qxc3 41. Qd1 Be6 42. Kg2 Qe3 43. Qd6 Bh3+ 44. Kxh3 Qxf3+ 45. Kh2 Qg3+ 46.
Kh1 Qxh4+ 47. Kg1 Qxg5+ 48. Kf1 Kg7 49. e5 f3 50. Kf2 Qg2+ 51. Ke3 Qe2+ 52. Kf4
Qc4+ 53. Kxf3 Qe6 54. Qc7 Qg4+ 55. Ke3 h4 56. Kd2 h3 57. Ke3 Qg3+ 58. Kd2 h2
59. Qd6 Qf2+ 0-1

[Event "DM2013"]
[Site "DM2013"]
[Date "31.12.29"]
[Round "4"]
[White "Erling Christiansen"]
[Black "Dennis Madsen"]
[Result "1-0"]
[WhiteElo "1919"]
[BlackElo "1592"]
[PlyCount "57"]
[EventDate "31.??.??"]

1. e4 d5 2. exd5 Nf6 3. d4 Nxd5 4. Bd3 Nc6 5. c3 e5 6. Qe2 Bd6 7. f4 O-O 8.
fxe5 Nxd4 9. cxd4 Bb4+ 10. Kf1 c6 11. Nf3 f6 12. e6 Qe7 13. Qc2 g6 14. Nc3 Bxe6
15. Bd2 Rac8 16. a3 Bd6 17. Re1 Qf7 18. b4 Nf4 19. Bxf4 Bxf4 20. Kf2 Bg4 21.
Re4 g5 22. g3 Bxf3 23. Kxf3 Qh5+ 24. Kg2 f5 25. Re7 g4 26. h4 gxh3+ 27. Rxh3
Qg5 28. Rexh7 Bd6 29. Bc4+ 1-0

[Event "DM2013"]
[Site "DM2013"]
[Date "31.12.29"]
[Round "4"]
[White "Bj�rn Laursen"]
[Black "Finn Stuhr"]
[Result "1-0"]
[WhiteElo "1849"]
[BlackElo "1701"]
[PlyCount "49"]
[EventDate "31.??.??"]

1. d4 Nf6 2. Nc3 b6 3. e4 Bb7 4. e5 Nd5 5. Nxd5 Bxd5 6. f4 e6 7. Nf3 d6 8. Bd3
Nc6 9. c3 Be7 10. O-O Qd7 11. c4 Bxf3 12. Qxf3 d5 13. Be3 Nb4 14. Bb1 Rd8 15.
a3 Nc6 16. cxd5 exd5 17. f5 Na5 18. f6 gxf6 19. exf6 Bd6 20. Bf5 Qb5 21. Rae1
Rb8 22. Bf4+ Kd8 23. Bxd6 cxd6 24. Re7 Rb7 25. Rc1 1-0

[Event "DM2013"]
[Site "DM2013"]
[Date "31.12.29"]
[Round "4"]
[White "Sven Michelsen"]
[Black "Ernst J. Jessen"]
[Result "1/2-1/2"]
[WhiteElo "1799"]
[BlackElo "1773"]
[PlyCount "23"]
[EventDate "31.??.??"]

1. c4 Nf6 2. Nf3 g6 3. e3 c5 4. d4 cxd4 5. exd4 Bg7 6. Nc3 O-O 7. Be3 b6 8. Be2
Bb7 9. Rc1 d6 10. d5 Nbd7 11. b4 a5 12. a3 1/2-1/2